000 00291nam a22001217a 4500
082 _a621.3 DAW'C
100 _aDAWES, C. L
_977480
245 _aA COURSE IN ELECTRICAL ENGINEERING DIRECT CURRENTS
250 _a4TH
260 _aNEWYORK
_bMCGRAW HILL
_c1952
300 _aVOL-1
942 _cBK
999 _c582739
_d582739